Countries Starting With M - One Minute Sprint - Statistics

General Stats
  • This quiz has been taken 133 times
  • The average score is 12 of 17
Answer Stats
Answer % Correct
Mali
84%
Macedonia
82%
Mauritius
79%
Mauritania
78%
Monaco
78%
Montenegro
78%
Malawi
76%
Madagascar
74%
Malta
72%
Moldova
69%
Morocco
69%
Maldives
67%
Mozambique
67%
Malaysia
66%
Mexico
66%
Mongolia
54%
Marshall Islands
51%
No matching quizzes found
Score Distribution
Percent of People with Each Score
Percentile by Number Answered
Your Score History
You have not taken this quiz